000 01256nam a2200325 a 4500
001 000110067
003 CHAP
005 20220329144117.0
008 140721s2014 mx | |sm |||||||spa|d
010 _a106529
011 _a107501
040 _cCHAP
090 _aTesis
100 0 0 _aDelgado Reza Garduño, Rosa Catalina.
_931651
245 1 3 _aLa formación universitaria en los procesos del desarrollo rural en Guerrero:
_h[En línea]
_buna contribución crítica /
_cpor Rosa Catalina Delgado Reza Garduño.
260 _aChapingo, Méx. :
_bEl autor,
_c2014.
500 _aPara ver el contenido del material haga clic en la liga
502 _aTesis (Ph.D. en Educación Agricola Superior) -- UACH. Departamento de Sociologia Rural
590 _aBATCH-UPD
_b05
_c20141002
_lUCH01
_h0905
590 _aE792CSJ
_b05
_c20140721
_lUCH01
_h0952
590 _aE792CSJ
_b05
_c20140721
_lUCH01
_h0952
650 1 4 _aAgricultores
_xCondiciones sociales
_zGuerrero.
_9127475
650 1 4 _aAgricultura y Estado
_xGuerrero.
_92050
650 1 4 _aEducación rural
_xMéxico.
_935591
650 1 4 _aEducacion superior
_zMéxico.
_935406
856 _aFinding aid
_uhttp://10.13.5.2/tesis/sist110067.pdf
_zTeclea aquí
901 _aBK
942 _cTESIS
942 _n0
999 _c106529
_d106529